000 00691nam a2200229Ia 4500
003 OSt
005 20221005121111.0
006 a|||||r|||| 00| 0
007 ta
008 221004b |||||||| |||| 00| 0 eng d
024 _a40667
037 _cTextual
040 _aCRL
_cCRL
_beng
041 _2eng
_aeng
082 _aO:9, J21
100 _aHausermann H W
_9630070
245 0 _aGenevese background
_b Studies of Shelley, Francis Danby, Maria Edgeworth, Ruskin, Meredith and Joseph Conrad in Geneva (with hitherto unpublished letters)
260 _c1952
650 _aENGLISH LITERATURE
942 _hO:9, J21
_cTEXL
_2cc
999 _c1040088
_d1040088